[Event "Ruhrgebiet Verbandsklasse Gruppe 3 1415"]
[Site "Germany"]
[Date "2015.03.01"]
[Round "7.6"]
[White "Dahlbeck, Mirko"]
[Black "Scharneck, Gerald"]
[Result "1-0"]
[WhiteElo "1774"]
[BlackElo "1280"]
[PlyCount "47"]
[EventDate "2014.09.21"]
[EventType "team-tourn"]
[EventRounds "9"]
[EventCountry "GER"]
[SourceTitle "EXT 2022"]
[Source "ChessBase"]
[SourceDate "2021.10.06"]
[SourceVersion "1"]
[SourceVersionDate "2021.10.06"]
[SourceQuality "1"]
[WhiteTeam "Annen Sport Union"]
[BlackTeam "Holsterhausen SK II"]
[WhiteTeamCountry "GER"]
[BlackTeamCountry "GER"]

1. e4 e6 2. d4 d5 3. Nd2 dxe4 4. Nxe4 Nf6 5. Nxf6+ Qxf6 6. Nf3 Bd6 7. Bg5 Qf5 8. Bd3 Qa5+ 9. c3 Nd7 10. 0-0 c5 11. dxc5 Qxc5 12. Re1 Qc7 13. Rc1 Ne5 14. Nxe5 Bxe5 15. Bb5+ Kf8 16. Rxe5 f6 17. Re3 fxg5 18. Qh5 Qe7 19. Rd1 g6 20. Qh6+ Kg8 21. Red3 Kf7 22. h4 gxh4 23. Qf4+ Kg7 24. Qe5+ 1-0